000 00965nam2a2200265 i 4500
001 RU\NLR\bibl\2009845
005 20240727220611.0
010 _a9785905342035
_94500
021 _aRU
_b2013-477и
_953и
035 _a(NLR Aleph) 001998417
090 _a4324184
_c4324184
100 _a20130312d2012 m y0rusy50 ca
101 1 _arus
_cund
102 _aRU
105 _aa |||||||||
200 0 _aТ. 1
210 _d2012
215 _a[181] с.
_cил.
320 _aДр. кн. Ю Хаджин на 2-й с. суперобл.
461 0 _1001RU\NLR\bibl\2074369
_12001#$aСовершенное очарование$vТ. 1
_94682570
_c[Москва]
_d2012
_fтекст и ил. Ю Хаджин
_nРусское Издательство Манги
_o[манхва : в 6 т.]
_tСовершенное очарование
_y9785905342035
_vТ. 1
801 0 _aRU
_bNLR
_c20130312
_gRCR
801 1 _aRU
_bNLR
_c20130312
942 _cBOOK
980 _aNBR